000 01226cam a2200337 a 4500
999 _c3688
_d3688
001 17428628
003 OSt
005 20240807105545.0
008 120813s2013 nyu d 000 1 eng
010 _a 2012026755
020 _a9780007432271
040 _aDLC
_cDLC
_dDLC
_dKH8
042 _alcac
_apcc
082 0 0 _aFIC JOH
_223
100 1 _aJohnson, Maureen,
_d1973-
_eauthor.
245 1 4 _aThe madness underneath /
_cMaureen Johnson.
260 _aNew York :
_bG. P. Putnam's Sons,
_cc2013.
300 _a290 p. ;
_c22 cm.
490 0 _aShades of London ;
_vbk. 2
520 _a"After her near-fatal run-in with the Jack the Ripper copycat, Rory Devereaux is back in London to help solve a new string of inexplicable deaths plaguing the city"--
_cProvided by publisher.
650 1 _aBoarding schools
_vFiction.
650 1 _aSchools
_vFiction.
650 1 _aMurder
_vFiction.
650 1 _aGhosts
_vFiction.
650 7 _aJUVENILE FICTION / Mysteries & Detective Stories.
_2bisacsh
650 7 _aJUVENILE FICTION / Horror & Ghost Stories.
_2bisacsh
650 7 _aJUVENILE FICTION / People & Places / Europe.
_2bisacsh
651 1 _aLondon (England)
_vFiction.
651 1 _aEngland
_vFiction.
942 _2ddc
_cFIC